000 00448cam a2200181 i 4500
001 4129268
005 20231218000056.0
008 760421s1975 ru af 000 0 eng
020 _a0802010203250.
040 _aDLC
_cDLC
_dDLC
082 0 0 _a301.41/2/0947
_222
245 0 2 _aA New life for women in the USSR.
250 _a5th
260 _aMoscow :
_bNovosti Press Agency Pub. House,
_c1975.
300 _a160 p.:
650 0 _aWomen
942 _cL
999 _c176
_d176